| 000 | 00650nam a2200181 i 4500 | ||
|---|---|---|---|
| 001 | 45783 | ||
| 003 | ES-MaACL | ||
| 005 | 20230906161256.0 | ||
| 007 | t| | ||
| 008 | 030326s1903 fr ||||1| fre d | ||
| 100 | 1 |
_aCoudenhove-Kalergi, Heinrich. _941220 |
|
| 245 | 1 | 3 |
_aLe minotaure de "l'honneur" _b: étude sur le mouvement antiduelliste et le erreurs les plus répandues en matère de duel / _cHeinrich Coudenhove ; traduit de l'allemand par M. Rameau. |
| 260 |
_aPerpignan : _b[s.n., _c1903] ( _fImp. de C. Latrobe) |
||
| 300 |
_a78 p. ; _c23 cm. |
||
| 650 | 0 | 4 |
_aDuelos. _911988 |
| 700 | 1 |
_aRameau, M. _995079 |
|
| 852 |
_aES-MaACL _jT-1037-F-12 |
||
| 999 |
_c45783 _d45783 |
||